Der strafrechtliche "Fall" in kriminologischer Sicht

Gespeichert in:  
Bibliographische Detailangaben
1. VerfasserIn: Kreuzer, Arthur 1938- (Verfasst von)
Medienart: Druck Aufsatz
Sprache:Deutsch
Veröffentlicht: 2001
In: Festschrift für Claus Roxin zum 70. Geburtstag am 15. Mai 2001
Jahr: 2001, Seiten: [1541] - 1552
Verfügbarkeit prüfen: HBZ Gateway
Schlagwörter:

MARC

LEADER 00000caa a22000002c 4500
001 1161742034
003 DE-627
005 20220524100736.0
007 tu
008 010611s2001 xx ||||| 00| ||ger c
020 |a 3110165155 
035 |a (DE-627)1161742034 
035 |a (DE-576)09174203X 
035 |a (DE-599)BSZ09174203X 
040 |a DE-627  |b ger  |c DE-627  |e rakwb 
041 |a ger 
100 1 |a Kreuzer, Arthur  |d 1938-  |0 (DE-588)118152262  |0 (DE-627)079274315  |0 (DE-576)216086213  |4 aut 
109 |a Kreuzer, Arthur 1938- 
245 1 4 |a Der strafrechtliche "Fall" in kriminologischer Sicht  |c Arthur Kreuzer 
264 1 |c 2001 
300 |a S. [1541] - 1552 
336 |a Text  |b txt  |2 rdacontent 
337 |a ohne Hilfsmittel zu benutzen  |b n  |2 rdamedia 
338 |a Band  |b nc  |2 rdacarrier 
773 0 8 |i In  |t Festschrift für Claus Roxin zum 70. Geburtstag am 15. Mai 2001  |d Berlin [u.a.] : de Gruyter, 2001  |g (2001), Seite [1541] - 1552  |h XVI, 1579 S.  |w (DE-627)32765340X  |w (DE-576)090874161  |z 3110165155  |7 nnam 
773 1 8 |g year:2001  |g pages:[1541] - 1552 
935 |a mkri 
951 |a AR 
ELC |b 1 
LOK |0 000 xxxxxcx a22 zn 4500 
LOK |0 001 2899630156 
LOK |0 003 DE-627 
LOK |0 004 1161742034 
LOK |0 005 20260210120808 
LOK |0 008 160208||||||||||||||||ger||||||| 
LOK |0 040   |a DE-21-110  |c DE-627  |d DE-21-110 
LOK |0 689   |a s  |a Strafrecht 
LOK |0 852   |a DE-21-110 
LOK |0 852 1  |m p  |9 00 
LOK |0 935   |a k110 
LOK |0 938   |k p 
LOK |0 939   |a 08-02-16  |b l01 
ORI |a WA-MARC-krimdoka001.raw